System Rekord.ERP - studium przypadku / (Rekord nr 10042)
| 000 -ETYKIETA REKORDU | |
|---|---|
| podpole kontrolne o stałej długości | 00864nam a2200205 i 4500 |
| 001 - NUMER KONTROLNY REKORDU | |
| podpole kontrolne | 10042 |
| 003 - IDENTYFIKATOR NUMERU KONTROLNEGO REKORDU | |
| podpole kontrolne | KOSZ 005 |
| 005 - DATA OSTATNIEJ MODYFIKACJI REKORDU | |
| podpole kontrolne | 20180414110629.0 |
| 008 - POLE O STAŁEJ DŁUGOŚCI - DANE KONTROLNE | |
| podpole kontrolne o stałej długości | 060202s2005 pl a f f |000 0 pol |
| 015 ## - NUMER BIBLIOGRAFII NARODOWEJ | |
| Numer bibliografii narodowej | PB 2006/5375 |
| 040 ## - ŹRÓDŁO KATALOGOWANIA | |
| Instytucja, która utworzyła rekord | BPK |
| Instytucja, która dokonała modyfikacji | KOSZ 005/EG |
| 080 ## - UNIWERSALNA KLASYFIKACJA DZIESIĘTNA - UKD | |
| UKD | 004.65:005 |
| 999 ## - SYSTEM CONTROL NUMBERS (KOHA) | |
| Koha Dewey Subclass [OBSOLETE] | (075.8) |
| 100 1# - NAZWA OSOBOWA | |
| Nazwa osobowa | BZDYRA, Krzysztof. |
| Instytucja | Politechnika Koszalińska - Wydział Elektroniki i Informatyki, |
| Wydział | Katedra Telekomunikacji |
| Lata pracy | 2004 - . |
| 245 10 - TYTUŁ/ODPOWIEDZIALNOŚĆ | |
| Tytuł | System Rekord.ERP - studium przypadku / |
| Pozostałe elementy strefy tytułu i oznaczenia odpowiedzialności | Krzysztof Bzdyra, Sławomir Kłos. |
| 650 #0 - HASŁO PRZEDMIOTOWE W FORMIE NAZWY OGÓLNEJ LUB JEDNOSTKOWEJ | |
| Nazwa ogólna lub geograficzna | Produkcja - zarządzanie - metody. |
| 650 #0 - HASŁO PRZEDMIOTOWE W FORMIE NAZWY OGÓLNEJ LUB JEDNOSTKOWEJ | |
| Nazwa ogólna lub geograficzna | Systemy informatyczne zarządzania. |
| 773 0# - TYTUŁ DOKUMENTU MACIERZYSTEGO | |
| Wyrażenie wprowadzające | W : |
| Tytuł | Systemy wspomagania inżynierii zarządzania / Zbigniew Banaszak, Krzysztof Bzdyra, Sebastian Saniuk. - |
| Adres wydawniczy | Koszalin : Wydaw. Uczelniane Politechniki Koszalińskiej, 2005. - |
| Informacje dotyczące relacji | s. 199-223 |
| 942 ## - HASŁO DODATKOWE - ELEMENTY(KOHA) | |
| Schemat klasyfikacji | Uniwersalna klasyfikacja dziesiętna |
| Typ dokumentu | Rozdział |
Brak dostępnych egzemplarzy.
